Constantino Paleólogo

Bewaard in:
Bibliografische gegevens
Hoofdauteur: Kazantzakis, Nikos (Auteur)
Formaat: Boek
Taal:Spaans
Gepubliceerd in: Santiago Santiago 1967
Onderwerpen:
Tags: Voeg label toe
Geen labels, Wees de eerste die dit record labelt!

MARC

LEADER 00000nam a2200000 a 4500
001 UCQ6947
003 CL-VaPUC
008 981023e19670000CL |||||||||||||||||spa|d
082 0 4 |a 889.02  |b KAZ  |2 21 
100 |a Kazantzakis, Nikos  |e author  |9 326825 
245 1 0 |a Constantino Paleólogo 
300 |a 78 p 
942 |c BK 
945 |d 19981023 00:00:00  |a crobeson 
260 |a Santiago  |b Santiago  |c 1967 
650 7 |a DRAMAS GRIEGOS  |2 CL-VaPUC  |9 420860 
650 7 |a LITERATURA GRIEGA  |2 CL-VaPUC  |9 258054 
583 |a last modification  |c 19981023 00:00:00  |k Rodrigo Vera 
999 |c 276842  |d 276840 
952 |0 0  |1 0  |4 0  |6 889_020000000000000_KAZ_1967  |7 0  |8 A  |9 314332  |a BIBEDU  |b BIBEDU  |d 2019-11-20  |i 1486624  |o 889.02 KAZ 1967  |p 1486624  |r 2019-11-20  |w 2019-11-20  |y BK  |k LIT